| 000 | 00782nam a22002177a 4500 | ||
|---|---|---|---|
| 999 |
_c19239 _d19239 |
||
| 003 | AR-CdUCM | ||
| 008 | 190517b ||||| |||| 00| 0 spa d | ||
| 040 |
_aMUNICIPALIDAD PROVINCIAL DEL CUSCO _cBIBLIOTECA MUNICIPAL DEL CUSCO |
||
| 082 |
_a800 / _bM79 |
||
| 100 |
_aMorón V. Cesar J. _940458 |
||
| 245 |
_aLiteratura universal e hispanoamericana : _bPara el quinto grado de educación secundaria / |
||
| 260 |
_aLima : _bEscuela nueva, |
||
| 300 |
_a239 páginas ; _c23 cm. |
||
| 505 | _aContenido : Discurso de la sabiduría -- La Ilíada -- La divina comedia -- Literatura renacentista... | ||
| 650 |
_aLiteratura antigua _940459 |
||
| 650 |
_aClasismo _940460 |
||
| 650 |
_aAntiguo Occidental _940461 |
||
| 650 |
_aMediaval _940462 |
||
| 942 |
_2ddc _cLIBROS |
||
| 945 | _arcc | ||